| 000 | 00441nam a22001697a 4500 | ||
|---|---|---|---|
| 003 | BDDh-ASL | ||
| 005 | 20231015031041.0 | ||
| 008 | 221204s1935 ii ||||| |||| 00| 0 urd d | ||
| 040 |
_aBDDh-ASL _cBDDh-ASL |
||
| 041 | _aurd | ||
| 082 |
_a297 _bTAF |
||
| 245 | 0 | 0 | _aTafsir-I Haqqani : / تفسیر حقانی |
| 260 |
_aDelhi : _bDarul Ishaat, _c1935/1357 H. |
||
| 300 |
_a570 p. : _c28 cm. |
||
| 650 | 0 |
_aTafsir _94705 |
|
| 942 |
_2ddc _cBK |
||
| 999 |
_c29647 _d29647 |
||